UM Logo

Umasinso: (Record no. 13846)

MARC details
000 -LEADER
fixed length control field 00682nam a22001697a 4500
008 - FIXED-LENGTH DATA ELEMENTS--GENERAL INFORMATION
fixed length control field 190425b ||||| |||| 00| 0 eng d
082 ## - DEWEY DECIMAL CLASSIFICATION NUMBER
Edition number 2015
Classification number UT 1220
Item number El22
100 ## - MAIN ENTRY--PERSONAL NAME
Personal name Manansala, Eldefonso.
9 (RLIN) 38509
245 ## - TITLE STATEMENT
Title Umasinso:
Remainder of title an impact evaluation of community-based program in Barangay Aplaya, Digos City /
Statement of responsibility, etc. Eldefonso Manansala, Daniea Lagunsay, Nino Rey Macalan, and Calvin Earl Legaspo.
260 ## - PUBLICATION, DISTRIBUTION, ETC. (IMPRINT)
Place of publication, distribution, etc. Digos City:
Name of publisher, distributor, etc. UMDC
Date of publication, distribution, etc. October 2015.
300 ## - PHYSICAL DESCRIPTION
Extent 62 pages;
Dimensions 29 cm.
650 ## - SUBJECT ADDED ENTRY--TOPICAL TERM
Form subdivision Accounting Technology
General subdivision Undergraduate thesis.
9 (RLIN) 38510
700 ## - ADDED ENTRY--PERSONAL NAME
Personal name Lagunsay, Daniea.
9 (RLIN) 38511
700 ## - ADDED ENTRY--PERSONAL NAME
Personal name Macalan, Nino Rey.
9 (RLIN) 38512
700 ## - ADDED ENTRY--PERSONAL NAME
Personal name Legaspo, Calvim Earl.
9 (RLIN) 38513
942 ## - ADDED ENTRY ELEMENTS (KOHA)
Source of classification or shelving scheme Dewey Decimal Classification
Koha item type Undergraduate Thesis
Holdings
Withdrawn status Lost status Source of classification or shelving scheme Damaged status Not for loan Home library Current library Date acquired Total Checkouts Full call number Barcode Date last seen Copy number Price effective from Koha item type
    Dewey Decimal Classification     UM Digos College - LIC UM Digos College - LIC 03/26/2019   UT 1220 El22 2015 1220 05/15/2025 1 04/26/2019 Undergraduate Thesis